[Event "Barcelona Sant Marti op-B 22nd"]
[Site "Barcelona"]
[Date "2022.07.19"]
[Round "7"]
[White "Perez Garcia, Jose Miguel"]
[Black "Fernandez Huerta Castillo, Diego"]
[Result "1-0"]
[WhiteElo "1876"]
[BlackElo "1647"]
[PlyCount "121"]
[EventDate "2022.07.13"]
[EventType "swiss"]
[EventRounds "9"]
[EventCountry "ESP"]
[SourceTitle "CBM 210 Extra"]
[Source "ChessBase"]
[SourceDate "2022.11.30"]
[SourceVersion "1"]
[SourceVersionDate "2022.11.30"]
[SourceQuality "1"]

1. Nf3 Nf6 2. c4 g6 3. Nc3 Bg7 4. g3 d6 5. Bg2 0-0 6. 0-0 c5 7. d4 cxd4 8. Nxd4 Qc7 9. b3 a6 10. Bb2 Nc6 11. Rc1 Nxd4 12. Qxd4 e5 13. Qd2 Rb8 14. Rfd1 Rd8 15. Ba3 Bf8 16. c5 Be6 17. cxd6 Qa5 18. Na4 Qxd2 19. Rxd2 b5 20. Nc5 Rxd6 21. Rxd6 Bxd6 22. b4 Bxa2 23. Nxa6 Rb6 24. Nc5 Bc4 25. e3 Bd5 26. Bf1 Bc6 27. Rd1 Bc7 28. Be2 Ne4 29. Rc1 Nd2 30. e4 Bd6 31. f3 Bxc5+ 32. Rxc5 f6 33. Bb2 Nb3 34. Rc2 Ra6 35. Bd1 Bd7 36. Rc7 Be6 37. Re7 Nd4 38. Bxd4 exd4 39. Rxe6 Ra1 40. Rxf6 Rxd1+ 41. Kg2 Rb1 42. Rd6 Rxb4 43. Kh3 Rc4 44. Kg4 b4 45. Kg5 b3 46. Kf6 Rc8 47. Rxd4 Rb8 48. Rd1 b2 49. Rb1 Rb6+ 50. Ke5 Kf7 51. Kd4 Rb3 52. f4 Rb4+ 53. Kd3 h5 54. e5 h4 55. Kc3 Re4 56. Rxb2 hxg3 57. hxg3 Re3+ 58. Kd4 Rxg3 59. Rb7+ Ke6 60. Rb6+ Kf5 61. Rf6+ 1-0

[Event "Barcelona Ciutat op-B"]
[Site "Barcelona"]
[Date "2021.08.19"]
[Round "2"]
[White "Fernandez Huerta Castillo, Diego"]
[Black "Garcia Gallardo, Victor"]
[Result "0-1"]
[WhiteElo "1643"]
[BlackElo "1844"]
[PlyCount "56"]
[EventDate "2021.08.18"]
[EventType "swiss"]
[EventRounds "9"]
[EventCountry "ESP"]
[SourceTitle "EXT 2022"]
[Source "ChessBase"]
[SourceDate "2021.10.06"]
[SourceVersion "1"]
[SourceVersionDate "2021.10.06"]
[SourceQuality "1"]

1. b4 Nf6 2. Bb2 e6 3. a3 b6 4. c4 Bb7 5. e3 Be7 6. Nf3 0-0 7. d4 c5 8. b5 d5 9. Nbd2 Nbd7 10. Rc1 cxd4 11. Nxd4 Nc5 12. N2f3 a6 13. Ne5 axb5 14. Nec6 Qd6 15. cxb5 Na4 16. Nxe7+ Qxe7 17. Nc6 Bxc6 18. Bxf6 gxf6 19. bxc6 Qxa3 20. Qd2 Nc5 21. Be2 Nb3 22. Qc3 Qxc1+ 23. Qxc1 Nxc1 24. Bh5 Rfc8 25. 0-0 Rxc6 26. h3 Nd3 27. Rd1 Rc1 28. Rxc1 Nxc1 0-1

[Event "Foment Martinenc op-B 21st"]
[Site "Barcelona"]
[Date "2019.06.08"]
[Round "7"]
[White "Mendez Garcia, Juan Ignacio"]
[Black "Fernandez Huerta Castillo, Diego"]
[Result "1-0"]
[WhiteElo "1695"]
[BlackElo "1304"]
[PlyCount "58"]
[EventDate "2019.04.27"]
[EventType "swiss"]
[EventRounds "9"]
[EventCountry "ESP"]
[SourceTitle "EXT 2020"]
[Source "ChessBase"]
[SourceDate "2019.10.17"]
[SourceVersion "1"]
[SourceVersionDate "2019.10.17"]
[SourceQuality "1"]

1. d4 Nf6 2. Nf3 e6 3. Bf4 c5 4. c3 Qb6 5. Qc2 Nc6 6. e3 d5 7. h3 Bd7 8. Be2 Rc8 9. dxc5 Bxc5 10. Nbd2 a5 11. Nb3 Be7 12. Nbd4 Nb4 13. Qd1 Na6 14. 0-0 Qxb2 15. Rb1 Qxc3 16. Rxb7 Nb4 17. Ne5 Nxa2 18. Nxd7 Nxd7 19. Qa4 0-0 20. Rxd7 Ba3 21. Rb1 Nc1 22. Qd1 Rfe8 23. Nb5 Nxe2+ 24. Qxe2 Qc6 25. Ra7 Bb4 26. Be5 Re7 27. Rxe7 Bxe7 28. Na7 Qc5 29. Nxc8 Qxc8 1-0

[Event "Foment Martinenc op-C 20th"]
[Site "Barcelona"]
[Date "2018.06.09"]
[Round "8"]
[White "Martin Arranz, Lluis"]
[Black "Fernandez Huerta Castillo, Diego"]
[Result "1/2-1/2"]
[WhiteElo "1820"]
[BlackElo "1702"]
[PlyCount "117"]
[EventDate "2018.04.21"]
[EventType "swiss"]
[EventRounds "9"]
[EventCountry "ESP"]
[SourceTitle "CBM 184 Extra"]
[Source "ChessBase"]
[SourceDate "2018.06.28"]
[SourceVersion "1"]
[SourceVersionDate "2018.06.28"]
[SourceQuality "1"]

1. e4 d5 2. exd5 Nf6 3. Bb5+ Bd7 4. Be2 Nxd5 5. d4 Nc6 6. c4 Nf6 7. Nf3 Bf5 8. d5 Nb4 9. Qa4+ Qd7 10. Qxb4 e6 11. Qb5 Qxb5 12. cxb5 exd5 13. 0-0 Bd6 14. Nc3 h5 15. Bg5 0-0-0 16. Bxf6 gxf6 17. Nxd5 Rdg8 18. Nh4 Bg4 19. f3 Be6 20. Nxf6 Rg7 21. Ne4 Be7 22. a4 Rhg8 23. Kh1 Bxh4 24. g3 Be7 25. Rac1 f5 26. Nf2 b6 27. Bc4 Bxc4 28. Rxc4 h4 29. g4 fxg4 30. Rxg4 Rxg4 31. Nxg4 h3 32. Nf2 Rg2 33. f4 Bd6 34. Nxh3 Rxb2 35. Ra1 Kd7 36. Rd1 Ra2 37. Rd4 Ke6 38. Ng1 Bc5 39. Re4+ Kf5 40. Re2 Ra1 41. Rg2 Kxf4 42. h3 Kf5 43. Rg4 Bxg1 44. Rxg1 Rxa4 45. Rg7 Rc4 46. Kh2 Rc5 47. h4 Kf6 48. Rd7 Rxb5 49. Rxc7 a5 50. Rc6+ Kg7 51. Kg3 a4 52. Kg4 a3 53. Rc1 a2 54. Ra1 Ra5 55. Kf4 Ra3 56. Ke4 b5 57. Kd4 b4 58. Kc4 b3 59. Kc3 1/2-1/2